Books with Adjectives in the Title - Statistics

General Stats
  • This quiz has been taken 21 times
  • The average score is 9 of 15
Answer Stats
Hint Answer % Correct
James and the _____ Peach Giant
100%
The _____ Gatsby Great
100%
The _____ Man and the Sea Old
100%
The Boy in the _____ Pyjamas Striped
88%
The _____ Case of Benjamin Button Curious
76%
The _____ Comedy Divine
76%
The _____ Letter Scarlet
76%
The _____ Garden Secret
76%
A _____ Princess Little
53%
The Chronicles of Narnia: The _____ Chair Silver
47%
Island of the _____ Dolphins Blue
41%
The _____ Bible Holy
35%
_____ Habits Atomic
18%
_____ Tree House Magic
18%
____ Swans Wild
12%
No matching quizzes found
Score Distribution
Percent of People with Each Score
Percentile by Number Answered
Your Score History
You have not taken this quiz